000
003290000a22001450004500
003
MACL
040
_a
MACL
090
_c
6323
_d
6322
100
_a
Sharma, S.K. Pandey
245
_a
Libraries And Society
260
_b
Ess Ess Publications
_c
1987
350
_a
125
650
_a
Library And Information Science
942
_c
BOOK
_k
020
999
_c
6275
_d
6275